000 00511nam a2200193Ia 4500
008 180207s9999 xx 000 0 und d
020 _a9780590222037
050 _bH893 1994
100 _aHughes, Francine
245 4 _aThe swan princess /
245 _cadapted by Francine Hughes.
260 _aNew York :
260 _bScholastic,
260 _c1994
300 _a32 pages :
300 _bcolor illustration ;
300 _c20cm.
650 _aBased on the magical new movie from Nest Productions.
999 _c355661
_d355661